Guide pour l'étude expérimentale du sol /
Guardado en:
| Autor Principal: | |
|---|---|
| Formato: | Libro |
| Idioma: | French |
| Publicado: |
Paris :
Gauthier-Villars,
1952.
|
| Edición: | 2. éd. |
| Etiquetas: |
Agregar Etiqueta
Sin Etiquetas, Sea el primero en etiquetar este registro!
|
| LEADER | 00621cam a22001931a 4500 | ||
|---|---|---|---|
| 001 | EEA.libagro009876 | ||
| 005 | 20140616101851.0 | ||
| 008 | 880606s1952####fr#a#####b####000#0#fre## | ||
| 010 | |a 52004059 | ||
| 040 | |a DLC |c CU |d CU |d DLC | ||
| 050 | 0 | 0 | |a S593 |b .D43 1952 |
| 082 | 0 | 4 | |a 631.4 |
| 100 | 1 | |a Demolon, Albert, |d 1881-1954. | |
| 245 | 1 | 0 | |a Guide pour l'étude expérimentale du sol / |c par Albert Demolon et Désiré Leroux. |
| 250 | |a 2. éd. | ||
| 260 | |a Paris : |b Gauthier-Villars, |c 1952. | ||
| 300 | |a 251 p. : |b il. ; |c 22 cm. | ||
| 504 | |a Incluye bibliografía. | ||
| 859 | |a AR-BbBCA |b BIB. AGRONOMIA |h 631.4 |i D383-1a2 |p 1961/0149 | ||
